| 000 | 00551nam a2200181 a 4500 | ||
|---|---|---|---|
| 001 | 000025260 | ||
| 005 | 20200930023651.0 | ||
| 008 | 110211s1995 sp r 000 0 spa d | ||
| 020 | _a8440478224 | ||
| 040 |
_aDO-SdBNP _bspa _cBNPHU |
||
| 082 |
_axxxx _bS129c |
||
| 100 | 1 |
_aSagrera, Martín. _d1935- _926705 |
|
| 245 | 1 | 3 |
_aLa crisis poblacional / _cMartín Sagrera. |
| 260 |
_aMadrid, España : _bFundamentos, _c1995. |
||
| 300 |
_a71 p. ; _c18.5 cm. |
||
| 500 | _aIncluye bibliografía del autor en la parte trasera de la cubierta. | ||
| 049 | _aBNGR | ||
| 999 |
_c24753 _d24753 |
||